| 000 | 00575nam a2200193 i 4500 | ||
|---|---|---|---|
| 001 | 91066 | ||
| 003 | ES-MaACL | ||
| 005 | 20250626063147.0 | ||
| 007 | t| | ||
| 008 | 050127s1967 sp ||||1| spa d | ||
| 100 | 1 |
_aLeón Roca, J. L., _d1916-2007 _971640 |
|
| 245 | 1 | 0 |
_aVicente Blasco Ibáñez / _cJ.L. León Roca. |
| 250 | _a1ª ed. | ||
| 260 |
_a[Valencia] : _bPrometeo, _c1967. |
||
| 300 |
_aXII, 660 p., 48 lám. ; _c22 cm. |
||
| 600 | 1 | 4 |
_aBlasco Ibáñez, Vicente, _d1867-1928- _xBiografías _929389 |
| 852 |
_aES-MaACL _jC-32279 |
||
| 999 |
_c91066 _d91066 |
||